000 00361nam a2200133Ia 4500
008 240624s9999 xx 000 0 und d
041 _aeng
082 _a658.3 MAL
100 _aMALONE SAMUEL A
245 _aTO Z TRAINING AND DEVELOPMENT TOOLS AND
260 _c2008
_aMumbai
_bJaico Publishing House
300 _axii, : 332 : p. : cm. ; 24
365 _cRS
_b30
999 _c12813
_d12813